Normal view
MARC view
- الفنون التشكيلية- التصميم الزخرفي
Entry Topical Term
001 - CONTROL NUMBER
- control field: 24278
003 - CONTROL NUMBER IDENTIFIER
- control field: JO-AjAnu
005 - DATE AND TIME OF LATEST TRANSACTION
- control field: 20230606074150.0
008 - FIXED-LENGTH DATA ELEMENTS
- fixed length control field: 230606|| aca||aabn | a|a d
040 ## - CATALOGING SOURCE
- Original cataloging agency: JO-AjAnu
- Transcribing agency: JO-AjAnu
150 ## - HEADING--TOPICAL TERM
- Topical term or geographic name entry element: الفنون التشكيلية- التصميم الزخرفي
670 ## - SOURCE DATA FOUND
- Source citation: Work cat.: (JO-AjAnu)12482: غزوان،معتز عناد, author 24277, مرافئ ثقافية :قراءات في الفن التشكيلي والتصميم